00780cam a2200265 a 45000010009000000050017000090080041000260100017000670200044000840200036001280200037001640400018002010410008002190420008002270800017002350820021002521000007002731010008002802400034002882450067003225040051003899060045004409420012004859990017004971724564020180301050353.0120406s2012 nyuab b 001 0 eng  a 2012012503 a9781107673144 (Student's book with DVD) a9781107697843 (Class audio CDs) a9781107625471 (Teacher's manual) aDLCcDLCdDLC aeng apcc a428.24 kim00a428.24 kim2231 a50 asoc10aAcademic listening encounters10aAcademic encounters, life in society, level 3 :cKim Sanabria. aIncludes bibliographical references and index. a7bcbccorignewd1eecipf20gy-gencatlg 2ddccBK c43809d43809